Biggest American Cities that End in A on a Map - Statistics

General Stats
  • This quiz has been taken 315 times
  • The average score is 17 of 30
Answers on the Map
Answers color-coded by a green-red scale on the quiz's map according to % correct below.
 
Answer Stats
Population City % Correct
498,715 Atlanta
98%
1,603,797 Philadelphia
92%
384,959 Tampa
91%
413,066 Tulsa
84%
486,051 Omaha
82%
397,532 Wichita
77%
386,261 Aurora
76%
180,542 Aurora
76%
504,258 Mesa
75%
126,587 Topeka
72%
136,632 Columbia
68%
126,254 Columbia
68%
310,227 Santa Ana
65%
219,346 Tacoma
64%
202,081 Augusta
62%
181,099 Chattanooga
59%
159,467 Alexandria
52%
275,487 Chula Vista
50%
228,673 Santa Clarita
50%
151,950 Pasadena
47%
138,699 Pasadena
47%
127,647 Santa Clara
42%
178,127 Santa Rosa
41%
190,985 Peoria
36%
124,402 Arvada
31%
208,393 Fontana
29%
157,136 Corona
25%
174,453 Rancho Cucamonga
24%
151,713 Pomona
23%
141,384 Visalia
23%
No matching quizzes found
Score Distribution
Percent of People with Each Score
Percentile by Number Answered
Your Score History
You have not taken this quiz